000 00310nam a22001337a 4500
008 181217b xxu||||| |||| 00| 0 eng d
020 _a0387901140
041 _aeng
080 _a510
100 _a36
101 _aMAT
245 _aDifferential Equations and Their Applications
_cBraun,M
942 _2udc
_cBK
999 _c53317
_d53317